Lonely planet tibet / (Record no. 15684)
[ view plain ]
| 000 -LEADER | |
|---|---|
| fixed length control field | 01323nam a2200253 a 4500 |
| 001 - CONTROL NUMBER | |
| control field | ASIN1741792185 |
| 005 - DATE AND TIME OF LATEST TRANSACTION | |
| control field | 20170105102923.0 |
| 008 - FIXED-LENGTH DATA ELEMENTS--GENERAL INFORMATION | |
| fixed length control field | 131209s2011 xxu eng d |
| 020 ## - INTERNATIONAL STANDARD BOOK NUMBER | |
| International Standard Book Number | 1741792185 (paperback) |
| Terms of availability | $28.99 |
| 020 ## - INTERNATIONAL STANDARD BOOK NUMBER | |
| International Standard Book Number | 9781741792188 (paperback) |
| 040 ## - CATALOGING SOURCE | |
| Original cataloging agency | 0 |
| 100 1# - MAIN ENTRY--PERSONAL NAME | |
| Personal name | Mayhew, Bradley. |
| 245 10 - TITLE STATEMENT | |
| Title | Lonely planet tibet / |
| Statement of responsibility, etc. | Bradley Mayhew, Michael Kohn, Daniel McCrohan. |
| 250 ## - EDITION STATEMENT | |
| Edition statement | 8th ed. |
| 260 ## - PUBLICATION, DISTRIBUTION, ETC. | |
| Place of publication, distribution, etc. | [S.l.] : |
| Name of publisher, distributor, etc. | Lonely Planet, |
| Date of publication, distribution, etc. | 2011. |
| 300 ## - PHYSICAL DESCRIPTION | |
| Extent | 384 p. ; |
| Dimensions | 20 cm. |
| 490 1# - SERIES STATEMENT | |
| Series statement | Country travel guide. |
| 520 ## - SUMMARY, ETC. | |
| Summary, etc. | “Go to Tibet and see many places, as much as you can; then tell the world.” – His Holiness The Dalai Lama Our Promise You can trust our travel information because Lonely Planet authors visit the places we write about, each and every edition. We never accept freebies for positive coverage, and you can rely on us to tell it like we see it. Inside This Book… Preface by His Holiness the Dalai Lama 4 intrepid authors 55 maps 100+ monasteries Inspirational photos Clear, easy-to-use maps Trekking in Tibet chapter In-depth background Comprehensive planning tools Easy-to-read |
| 700 ## - ADDED ENTRY--PERSONAL NAME | |
| Personal name | Kohn, M |
| 700 ## - ADDED ENTRY--PERSONAL NAME | |
| Personal name | McCrohan, |
| 830 ## - SERIES ADDED ENTRY--UNIFORM TITLE | |
| Uniform title | Country travel |
| 856 ## - ELECTRONIC LOCATION AND ACCESS | |
| Materials specified | Amazon.com |
| Uniform Resource Identifier | <a href="http://www.amazon.com/exec/obidos/ASIN/1741792185/chopacon">http://www.amazon.com/exec/obidos/ASIN/1741792185/chopacon</a> |
| 942 ## - ADDED ENTRY ELEMENTS (KOHA) | |
| Source of classification or shelving scheme | |
| Koha item type | Book |
| Withdrawn status | Lost status | Damaged status | Not for loan | Collection code | Permanent Location | Current Location | Shelving location | Date acquired | Total Checkouts | Full call number | Barcode | Date last seen | Price effective from | Koha item type |
|---|---|---|---|---|---|---|---|---|---|---|---|---|---|---|
| Centre for International Peace & Stability (CIPS) | Centre for International Peace & Stability (CIPS) | General Stacks | 10/02/2013 | 915.15046 MAY 2011 | CIPS0001807 | 12/09/2013 | 12/09/2013 | Book |
